Public sector reform: what works and why? <an> IEG evaluation of World Bank support
Salvato in:
| Natura: | Libro |
|---|---|
| Lingua: | inglese |
| Pubblicazione: |
Washington, D.C.
<The> World Bank
2008
|
| Soggetti: | |
| Tags: |
Nessun Tag, puoi essere il primo ad aggiungerne!!
|
MARC
| LEADER | 00000nam$a2200000$$$4500 | ||
|---|---|---|---|
| 001 | 0078527 | ||
| 005 | 20240315115618.0 | ||
| 020 | |a 978-0-8213-7589-1 | ||
| 041 | 0 | |a eng | |
| 044 | |a US | ||
| 245 | 1 | 0 | |a Public sector reform: what works and why? |b <an> IEG evaluation of World Bank support |
| 264 | 1 | |a Washington, D.C. |b <The> World Bank |c 2008 | |
| 300 | |a 90 s. | ||
| 610 | 2 | 0 | |a sektor verejný |
| 610 | 2 | 0 | |a reformy |
| 610 | 2 | 0 | |a pomoc medzinárodná |
| 610 | 2 | 0 | |a banky |
| 610 | 2 | 0 | |a projekty |
| 610 | 2 | 0 | |a pôžičky |
| 610 | 2 | 0 | |a granty |
| 610 | 2 | 0 | |a správa verejná |
| 610 | 2 | 0 | |a sponzorovanie |
| 610 | 2 | 0 | |a motivácia |
| 610 | 2 | 0 | |a inštitúcie verejnoprávne |